| 000 | 00372cam a22001097a 4500 | ||
|---|---|---|---|
| 008 | 180718b1970 xxu||||| |||| 00| 0 eng d | ||
| 082 | _aK5:N4x73 Un3en | ||
| 245 |
_aPolice training and performance study _cby Department of Justice, United States |
||
| 260 |
_aWashington _bGovernment Printing Office _c1970 |
||
| 300 | _a233+p. | ||
| 700 | _aUnited States. Department of Justice | ||
| 999 |
_c499920 _d499920 |
||